| 000 | 00646nam a2200217Ia 4500 | ||
|---|---|---|---|
| 005 | 20250701164449.0 | ||
| 008 | 008 250505s9999 xx 000 0 eng d | ||
| 020 | _a070691595X | ||
| 037 | _aTextual | ||
| 040 |
_aEASL _beng _cEASL |
||
| 041 |
_aeng _2eng |
||
| 084 |
_aW.41.N7, M1 _qEASL |
||
| 100 | _aWaller Derek J | ||
| 245 | 0 | _aGovernment and politics of the People's Republic of China | |
| 260 |
_aIndia _bNew Delhi Vikas India _c1981 |
||
| 300 | _a228p. | ||
| 365 | _b195.00 (each) | ||
| 650 |
_aCCP - Congresses; Five Year Plan - third; CEL _9814978 |
||
| 942 |
_cTEXL _hW.41.N7, M1 |
||
| 999 |
_c1433173 _d1433173 |
||